000 00750nam a2200241 a 4500
003 Mx-MxUPN
005 20250115082744.0
008 991125s1907 mx a dr 000 0 spa d
035 _aUPN01000034738
040 _aMx-MxUPN
_bspa
_cMx-MxUPN
041 _aspa
050 0 4 _aLB1633 M6
_bL34
100 1 _aLabastida, Francisco de P.,
_952236
_d1857-1908
245 1 0 _aLenguaje nacional :
_bcurso medio
260 _aMéxico ;
_aParís :
_bLibrería de la Vda. de C. Bouret,
_c1907.
300 _a180, 7 páginas :
_bilustraciones
650 4 _aEspañol
_xEstudio y enseñanza (Secundaria)
_97237
650 4 _aEspañol
_917036
_vLibros de texto
902 _bMaríaRobles/050624
904 _aAC
_b034739
905 _aLibro
942 _2lcc
_cLIBRO
_n0
999 _c34738
_d34738